Southville International School and Colleges
Your cart is empty.
  • Cart
  • Lists
    Public lists list_1 View all
    Your lists Log in to create your own lists
  • Log in to your account
  • Your cookies
  • Search history
Southville International School and Colleges
  • Advanced search
  • Recent comments
  • Most popular
  • Libraries

Log in to your account

Log in with GOOGLE


If you do not have an external account, but do have a local account, you can still log in:

  1. Home
  2. MARC view: Fluffy goes apple picking /
Normal view MARC view ISBD view

Fluffy goes apple picking / (Record no. 358297)

[ view plain ]
MARC details
000 -LEADER
fixed length control field 00741nam a2200301Ia 4500
008 - FIXED-LENGTH DATA ELEMENTS--GENERAL INFORMATION
fixed length control field 180803s9999 xx 000 0 und d
020 ## - INTERNATIONAL STANDARD BOOK NUMBER
International Standard Book Number 9780439314206
050 ## - LIBRARY OF CONGRESS CALL NUMBER
Item number M168 2001
100 ## - MAIN ENTRY--PERSONAL NAME
Personal name McMullan, Kate
245 #0 - TITLE STATEMENT
Title Fluffy goes apple picking /
245 #0 - TITLE STATEMENT
Statement of responsibility, etc by Kate McMullan ; illustrated by Mavis Smith.
260 ## - PUBLICATION, DISTRIBUTION, ETC. (IMPRINT)
Place of publication, distribution, etc New York, New York :
260 ## - PUBLICATION, DISTRIBUTION, ETC. (IMPRINT)
Name of publisher, distributor, etc Scholastic,
260 ## - PUBLICATION, DISTRIBUTION, ETC. (IMPRINT)
Date of publication, distribution, etc 2001
300 ## - PHYSICAL DESCRIPTION
Extent unpaged :
300 ## - PHYSICAL DESCRIPTION
Other physical details colored ;
300 ## - PHYSICAL DESCRIPTION
Dimensions 23cm.
440 ## - SERIES STATEMENT/ADDED ENTRY--TITLE
Title Scholastic reader.
500 ## - GENERAL NOTE
General note 150
650 ## - SUBJECT ADDED ENTRY--TOPICAL TERM
Topical term or geographic name as entry element Apples --
650 ## - SUBJECT ADDED ENTRY--TOPICAL TERM
Topical term or geographic name as entry element Guinea pigs.
650 ## - SUBJECT ADDED ENTRY--TOPICAL TERM
General subdivision Harvesting.
650 ## - SUBJECT ADDED ENTRY--TOPICAL TERM
General subdivision Orchards.
650 ## - SUBJECT ADDED ENTRY--TOPICAL TERM
General subdivision School field trips.
700 ## - ADDED ENTRY--PERSONAL NAME
Personal name Series.
700 ## - ADDED ENTRY--PERSONAL NAME
Personal name Smith, Mavis.
700 ## - ADDED ENTRY--PERSONAL NAME
Personal name Title.
Holdings
Withdrawn status Lost status Damaged status Home library Current library Shelving location Date acquired Cost, normal purchase price Total Checkouts Full call number Barcode Date last seen Price effective from Koha item type
      Stonyhurst Southville International School (Malarayat) Stonyhurst Southville International School (Malarayat)   08/03/2018 0.00   LEX M168 2001 SSISM5575 08/03/2018 08/03/2018 Lexile

Fluffy goes apple picking /

APA

McMullan K., Series, Smith M. & Title.Fluffy goes apple picking. New York, New York: .

Chicago

McMullan Kate, Series, Smith Mavis and Title.Fluffy goes apple picking. New York, New York: .

Harvard

McMullan K., Series, Smith M. and Title.Fluffy goes apple picking. New York, New York: .

MLA

McMullan Kate, Series, Smith Mavis and Title.New York, New York: . .

  • Place hold
  • Print
  • Cite
  • Add to your cart (remove)
  • Save record
    BIBTEX Dublin Core MARCXML MARC (non-Unicode/MARC-8) MARC (Unicode/UTF-8) MARC (Unicode/UTF-8, Standard) MODS (XML) RIS
  • More searches
    Search for this title in:
    Other Libraries (WorldCat) Other Databases (Google Scholar) Online Stores (Bookfinder.com) Open Library (openlibrary.org)

Exporting to Dublin Core...

SOUTHVILLE LIBRARY

Southville International School and Colleges Library

1281 Tropical Ave. Cor. Luxembourg St., BF Homes International, Las Pinas City

Tel. No. 8256374 / 252358 Loc. 117/146

Powered by Koha